[Event "TUR-chT Clubs"]
[Site "Konya"]
[Date "2019.07.17"]
[Round "3.16"]
[White "Topal, Gorkem"]
[Black "Tetik, Muhammet"]
[Result "0-1"]
[WhiteElo "1140"]
[BlackElo "1517"]
[PlyCount "88"]
[EventDate "2019.07.16"]
[EventType "team-swiss"]
[EventRounds "9"]
[EventCountry "TUR"]
[SourceTitle "CBM 191 Extra"]
[Source "ChessBase"]
[SourceDate "2019.09.30"]
[SourceVersion "1"]
[SourceVersionDate "2019.09.30"]
[SourceQuality "1"]
[WhiteTeam "Kadirli Savrun"]
[BlackTeam "Gambit Dernegi"]
[WhiteTeamCountry "TUR"]
[BlackTeamCountry "TUR"]

1. e4 e5 2. Nf3 d5 3. exd5 e4 4. Ng1 Qxd5 5. Nc3 Qe5 6. Nge2 Bg4 7. d3 exd3 8. Qxd3 Nd7 9. Qe4 Qxe4 10. Nxe4 0-0-0 11. f3 Re8 12. Bf4 Bf5 13. Ng5 Bg6 14. 0-0-0 h6 15. Nh3 Ngf6 16. Nc3 c6 17. a3 Nb6 18. Bd3 Bxd3 19. Rxd3 g5 20. Bg3 Nbd5 21. Nxd5 Nxd5 22. Re1 Bc5 23. Re5 Rxe5 24. Bxe5 Re8 25. Bd4 Bxd4 26. Rxd4 Re2 27. Rd2 Re1+ 28. Rd1 Rxd1+ 29. Kxd1 Ne3+ 30. Kd2 Nxg2 31. Ng1 Nf4 32. Ke3 Kd7 33. Kd4 Kd6 34. b4 b6 35. c4 c5+ 36. bxc5+ bxc5+ 37. Ke4 Ke6 38. a4 a5 39. Ke3 Ke5 40. Ne2 Nxe2 41. Kxe2 Kd4 42. f4 Kxc4 43. fxg5 hxg5 44. Kf3 f5 0-1

[Event "TUR-chT2"]
[Site "Konya"]
[Date "2018.07.13"]
[Round "6.18"]
[White "Cora, Efe"]
[Black "Tetik, Muhammet"]
[Result "1/2-1/2"]
[WhiteElo "1205"]
[BlackElo "1470"]
[PlyCount "71"]
[EventDate "2018.07.10"]
[EventType "team-swiss"]
[EventRounds "9"]
[EventCountry "TUR"]
[SourceTitle "EXT 2019"]
[Source "ChessBase"]
[SourceDate "2018.10.10"]
[SourceVersion "1"]
[SourceVersionDate "2018.10.10"]
[SourceQuality "1"]
[WhiteTeam "Duzce Siyah Beyaz"]
[BlackTeam "Kanya Gambit"]
[WhiteTeamCountry "TUR"]
[BlackTeamCountry "TUR"]

1. d4 Nf6 2. c4 e6 3. Nf3 b6 4. g3 Bb7 5. Bg2 c5 6. e3 d5 7. 0-0 dxc4 8. Nc3 Be7 9. Ne5 Bxg2 10. Kxg2 0-0 11. Nxc4 cxd4 12. exd4 Nc6 13. Be3 Nd5 14. Qf3 Nxc3 15. bxc3 Rc8 16. Nd2 Na5 17. Bf4 Bd6 18. Rfc1 Bxf4 19. Qxf4 Qd5+ 20. Qf3 Qxf3+ 21. Kxf3 Nc4 22. Nxc4 Rxc4 23. Ke3 Rfc8 24. Kd3 Kf8 25. Rc2 Ke7 26. Rb1 Kd6 27. f4 f6 28. Rb5 R8c6 29. Rh5 h6 30. Rb5 a6 31. Rb3 Kd5 32. Rcb2 b5 33. a3 e5 34. fxe5 fxe5 35. dxe5 Re4 36. Rxb5+ 1/2-1/2